000 00719nas a2200265 4500
001 BR9205192
003 BR-BrBNA
005 20231205092825.0
007 ta
008 230509b bl.|||p| |||| 00| 00por d
040 _aBR-BrBNA
_bpor
_cBiblioteca Nacional de Agricultura
041 _a(Pt)
072 _aQ02
100 1 _aConcone, B.R.V.
100 1 _aDoin, P.A.
100 1 _aPimentel, F.A.
100 1 _aFreitas, A.M. de
100 1 _aBorzani, W.
245 1 _aPreparo do pe de cuba
650 _aFERMENTACAO ALCOOLICA
650 _aMOSTO
773 0 _tAB - Alimentos e Bebidas (Brazil)
_x
_g(May 1967), v. 3(5) p. 15-17
_wBR9205192
909 _a202311
_bLúcia
_c55
_dLúcia Elande
942 _2AGRIS
_n0
_cANA
999 _c134481
_d134481